[Event "Leon"]
[Site "Leon"]
[Date "1997.06.10"]
[Round "6"]
[White "Granda Zuniga, Julio E"]
[Black "Estremera Panos, Sergio"]
[Result "1-0"]
[WhiteElo "2620"]
[BlackElo "2430"]
[Annotator "Ribli,Z"]
[PlyCount "65"]
[EventDate "1997.06.05"]
[EventType "tourn"]
[EventRounds "9"]
[EventCountry "ESP"]
[EventCategory "10"]
[SourceTitle "CBM 060"]
[Source "ChessBase"]
[SourceDate "1997.09.29"]
[SourceVersion "1"]
[SourceVersionDate "1997.09.29"]
[SourceQuality "1"]

1. Nf3 Nf6 2. c4 c5 3. Nc3 Nc6 4. g3 d5 5. cxd5 (5. d4) 5... Nxd5 6. Bg2 Nc7 7.
d3 e5 8. O-O Be7 9. Nd2 Bd7 10. Nc4 f6 11. f4 b5 12. Ne3 Rc8 {Dieser Zug
bietet Schwarz mehr Gegenchancen als die alte Fortsetzung 12...exf4.} (12...
exf4 13. Nf5 $5 (13. gxf4 Rb8 14. Ned5 (14. a4 a6 15. axb5 axb5 16. Ned5 O-O
17. Nxc7 Qxc7 18. Nd5 Qd8 19. Be3 Kh8 {Ljubojevic,L-Lautier,J/Monaco blind
1996/1/2-1/2 (63)}) 14... Nxd5 15. Nxd5 O-O 16. Be3 Nd4 17. Rc1 $6 Be6 $1 $36 {
Schwartzman,G-Hansen,L/Wijk-B/1994/}) 13... b4 $1 (13... fxg3 14. Nxg7+ Kf7 15.
Nf5 gxh2+ 16. Kh1 Nd4 $5 $13) (13... f3 14. Bxf3 O-O 15. Nxe7+ Qxe7 16. Bf4 Ne6
17. Nxb5 Nxf4 18. gxf4 Rab8 19. Qc1 Kh8 20. Nc3 Nd4 {Van der Sterren,P-Farago,
I/Amsterdam OHRA-B 1987/1/2-1/2 (54)}) 14. Nxe7 Qxe7 15. Bxf4 (15. Ne4 {[#]}
fxg3 (15... Ne6 16. gxf4 O-O (16... f5 $5 17. Ng5 Nxg5 18. fxg5 O-O $13) 17. f5
{[%csl Gf5] 1-0 Minasian,A-Grosar,A/EU-chTM 1997 (47)}) 16. Bf4 Ne5 17. Rc1 Ne6
18. Bxe5 fxe5 19. e3 $13 {Nikolaidis-Lautier,J/Erevan olm/1996/}) 15... bxc3
16. Bxc7 Rc8 17. Bf4 cxb2 18. Rb1 O-O 19. Rxb2 {1/2-1/2 Akopian,V-Leko,P/Ubeda
1997 (54)}) 13. a4 {Nach meiner Meinung das ist dies die beste Möglichkeit für
Weiß.} (13. fxe5 Nxe5 14. Nf5 O-O $13 15. Kh1 Re8 16. Ne4 Bc6 17. Bf4 Bf8 18.
a4 a6 $5 19. axb5 axb5 20. Rc1 Qd7 {1/2-1/2 Illescas Cordoba,M-Topalov,V/
Linares 1994 (40)}) (13. Ned5 Nxd5 14. Nxd5 O-O 15. a4 b4 16. Ne3 exf4 17. gxf4
f5 18. Nc4 Be6 $13 {Bilek-Pinter,Ung.Mannschaftmeisterschaft 1997.}) 13... b4 (
13... a6 14. axb5 axb5 15. Ned5 {+/- Kochiyev,A-Forintos,G/Magyarorszag 1978})
14. Ncd5 (14. Nb5 exf4 15. Nf5 Bxf5 16. Bxc6+ Bd7 17. Bxd7+ Qxd7 18. Nxc7+ Rxc7
19. Bxf4 Rc6 20. Rc1 h5 21. d4 g5 22. d5 Rc8 23. Be3 h4 24. Qd3 Rh6 25. Qf5 {
Szilagyi,P-Pinter,J/HUN-chT 1992/0-1 (69)}) (14. Ne4 f5 15. Nd2 O-O 16. Nec4
exf4 17. gxf4 Kh8 18. Nb3 Rf6 19. Be3 Ne6 20. Kh1 Ned4 21. Ne5 Nxb3 22. Nxd7
Nxa1 23. Nxf6 Bxf6 24. Qxa1 Nd4 25. Bxd4 Qxd4 26. Qa2 c4 27. dxc4 Qxb2 28. Qxb2
Bxb2 {1/2-1/2 Kortschnoj-Portisch,L/WchT Luzern/1985 (49)}) 14... O-O (14...
exf4 15. Nxc7+ Rxc7 16. Rxf4 O-O 17. Nd5 Rc8 18. Nxe7+ Qxe7 19. Qb3+ Kh8 20.
Re4 Ne5 21. Bf4 Bc6 {0-1 Visier Segovia,F-Fernandez Aguado,E/Albacete 1989 (40)
}) 15. Nc4 (15. Nxe7+ Qxe7 16. Nc4 Rfd8 17. b3 exf4 18. gxf4 Be8 19. e3 Nd5 20.
Qc2 Bg6 {0-1 Seirawan,Y-Portisch,L/Mar del Plata 1981 (46)}) 15... exf4 (15...
Be8 16. Nde3 $2 (16. Nxc7 Qxc7 17. f5 $14 {Sherzer}) 16... exf4 17. gxf4 f5 18.
Rb1 Nd4 19. b3 Bh5 20. Rb2 g5 $17 {0-1 Benko,P-Sherzer,A/Philadelphia World op
1988 (33)}) 16. Nxc7 (16. Bxf4 Nxd5 17. Bxd5+ Kh8 $11) (16. Nxe7+ Qxe7 17. Bxf4
$5) 16... Qxc7 17. Bxf4 Ne5 $2 {Ein großer strategischer Fehler. Nach dem
Partiezug erlangt Weiß die volle Herrschafft über die weißen Felder, und
Schwarz bleibt ohne Gegenspiel.} (17... Qd8 18. Nd6 (18. Bd6 Be8 $11) 18...
Bxd6 19. Bxd6 Re8 20. Bxc5 Bg4 $44 {Sherzer}) 18. Bxe5 $1 fxe5 19. Bd5+ {
[%csl Gc4,Gd5,Re7] Die weißen Leichtfiguren haben die maximale Aktivität, weil
der schwarze Läufer e7 keine Zukunft hat, und der schwarze e5-Bauer isoliert
ist.} Kh8 20. Rxf8+ Rxf8 21. Qd2 Bh3 {[%csl Gh3] In einigen Varianten droht
Matt auf f1. Aber Weiß kann diese Drohung mit Bg2 leicht abwehren. Nach einem
eventuellen Läufertausch dominiert der Springer auf c4 den Läufer e7.} 22. Qe3
Bd6 (22... Bf6) 23. Rc1 {[%csl Rc5][%cal Gc1c5]} Qe7 24. Bg2 (24. Nxd6 $6 Qxd6
25. Qxc5 $4 Qxc5+ 26. Rxc5 Rf1#) 24... Bxg2 (24... Bd7 25. Nxd6 Qxd6 26. Qxc5
Qxc5+ 27. Rxc5 Bxa4 28. Ra5 $16 (28. Rxe5 $16)) 25. Kxg2 $16 {[%csl Gc4,Rd6]
Mit diesem Läufertausch hat Schwarz sofortigen Materialsverlust vermieden,
aber seine Stellung ist positionell hoffnungslos.} Bc7 26. Nd2 Bb6 (26... Bd6)
27. Rc4 {[%csl Gc4] Weiß aktiviert seinen Turm. Taktische Möglichkeiten für
Schwarz mit c5-c4 sind nun ausgeschlossen.} Qf6 28. b3 {Weiß verbessert seine
Stellung mit kleinen Zügen. Schwarz hat keine Gegenspiel.} Qc6+ 29. Qe4 Qf6 (
29... Qxe4+ {Die schwarze Stellung ist jedenfalls unhaltbar, aber der
Damentausch erleichtert die weiße Aufgabe.} 30. Nxe4 Rc8 31. a5 Bxa5 32. Rxc5
Rxc5 33. Nxc5 Kg8 34. Kf3 Kf7 35. Ke4 $18 {[%csl Ra5,Ra7,Rb4,Gc5,Re5] Schwarz
ist hilflos auf den weißen Feldern.}) 30. Nf3 Re8 31. a5 $18 {Weiß opfert
einen Bauern und gewinnt zwei zurück mit überlegener Stellung.} Bxa5 32. Rxc5
Bb6 33. Rxe5 {Und Schwarz gab in hoffnungsloser Stellung auf. Natürlich kann
er weiterspielen, aber ohne auch nur minimale Gegenchancen. Der Marsch mit dem
d- und e-Bauern entscheidet den Kampf.} 1-0

[Event "Tel Aviv ASA"]
[Site "Tel Aviv"]
[Date "1994.??.??"]
[Round "2"]
[White "Shvidler, Eliahu"]
[Black "Manor, Ilan"]
[Result "1/2-1/2"]
[WhiteElo "2420"]
[BlackElo "2460"]
[Annotator "Ribli,Z"]
[PlyCount "70"]
[EventDate "1994.04.??"]
[EventType "tourn"]
[EventRounds "9"]
[EventCountry "ISR"]
[EventCategory "10"]
[SourceTitle "CBM 042"]
[Source "ChessBase"]
[SourceDate "1994.10.01"]
[SourceVersion "1"]
[SourceVersionDate "1994.10.01"]
[SourceQuality "1"]

1. e4 c5 2. Nf3 e6 3. c4 Nc6 4. Nc3 Nf6 5. Be2 d5 (5... b6 $5 6. d4 cxd4 7.
Nxd4 Nxd4 8. Qxd4 Bc5 9. Qd3 Qc7 10. a3 a6 11. O-O h5 $1 $13 {Har_Zvi,
R-Oratovsky,M/Israel/1993/}) (5... Be7 6. O-O O-O 7. d4 cxd4 8. Nxd4 d6 9. Be3
Bd7 10. Rc1 a6 11. Nb3 Qb8 $10 {Vaganian,R-Ftacnik,L/GER-CupT/1994/EXP40/}) 6.
exd5 exd5 7. d4 cxd4 8. Nxd4 Bb4 $6 (8... Bc5 9. Nxc6 bxc6 10. cxd5 cxd5 11.
O-O O-O 12. Bg5 Be6 13. Bf3 Rb8 14. b3 d4 15. Na4 Bd6 16. Qd3 $14 {Cvetkovic,
S-Gligoric,S/Jugoslavia ch/1991/}) (8... dxc4 9. Nxc6 Qxd1+ 10. Nxd1 bxc6 11.
Bxc4 Bb4+ 12. Bd2 Bxd2+ 13. Kxd2 O-O 14. Ne3 $14 {Gavrikov,V-Sveshnikov,E/
Erevan zt/1982/}) 9. O-O O-O 10. Bg5 h6 $6 (10... Bxc3 11. bxc3 dxc4 (11... h6
12. Bxf6 Qxf6 13. cxd5 Nxd4 14. cxd4 Rd8 15. Bf3 $16) 12. Bxc4 Nxd4 13. cxd4
Qd6 $14) 11. Nxd5 $1 hxg5 (11... Nxd4 $2 12. Bxf6 Nxe2+ 13. Qxe2 gxf6 14. Nxb4
$18) 12. Nxc6 bxc6 13. Nxb4 Qb6 14. Qb3 Bf5 15. Bf3 $6 (15. c5 $1 Qxc5 16. Rac1
Qe5 17. Bf3 Rab8 18. Qa3 $16) 15... Ne4 (15... g4 16. Bxc6 Rab8 17. Nd5 $18)
16. Bxe4 Bxe4 17. Rfe1 Rfe8 18. Re3 a5 19. Nd3 (19. Rae1 $6 Qxb4 $1 20. Qxb4 (
20. Rxe4 $4 Qxe1+ 21. Rxe1 Rxe1#) 20... axb4 21. a3 $10) 19... Qxb3 20. axb3
Bxd3 21. Rxd3 Re2 $10 22. h4 gxh4 23. b4 a4 24. Rb3 Rd8 25. Rba3 Rdd2 26. Rf1
Re4 27. Rxa4 Rxc4 28. b3 Rc3 29. Rb1 Rcc2 30. Rf1 Rb2 31. Ra8+ Kh7 32. Ra5 Rd4
33. b5 c5 (33... Rxb3 34. bxc6 Rc3 35. Ra6 Rdc4 $15) 34. Rc1 Rf4 35. Rc4 $1 Rd4
(35... Rfxf2 $2 36. Rxh4+ Kg6 37. Rg4+ Kh6 38. b6 $16) 1/2-1/2

[Event "EU-ch 4th"]
[Site "Istanbul"]
[Date "2003.06.12"]
[Round "12"]
[White "Jobava, Baadur"]
[Black "Ftacnik, Lubomir"]
[Result "1-0"]
[WhiteElo "2566"]
[BlackElo "2611"]
[Annotator "Ribli,Z"]
[PlyCount "89"]
[EventDate "2003.05.30"]
[EventType "swiss"]
[EventRounds "13"]
[EventCountry "TUR"]
[SourceTitle "CBM 096"]
[Source "ChessBase"]
[SourceDate "2003.09.25"]
[SourceVersion "1"]
[SourceVersionDate "2003.09.25"]
[SourceQuality "1"]

1. c4 {Hecht} Nf6 2. Nc3 c5 3. g3 e6 4. Bg2 {Dieser Läuferzug hat keinen guten
Ruf - statt dessen spielt man 4.Nf3, und im Falle von 4...d5 kann Weiß 5.cxd5
exd5 6.d4 ziehen. Aber nach 4.Nf3 kann Schwarz die Igelstellung mit 4...b6
erreichen.} d5 5. Nf3 {Nach meiner Meinung ist das ist die beste Möglichkeit
für Weiß.} (5. cxd5 exd5 6. d4 (6. Qb3 c4 7. Qa4+ Bd7 8. Qc2 Be6 $15) 6... cxd4
7. Qxd4 Nc6 $36) 5... d4 {Schwarz muss so spielen, sonst kommt 6.cxd5 und
später d4 mit kleinem weißen Vorteil.} 6. Na4 Nc6 7. d3 {Dieser Stellung hat
königsindischen Charakter.} Bd7 {Dieser Läuferzug ist gegen den a4-Springer
gerichtet, aber ich glaube, es wäre besser mit 7...Be7 und 8...e5 die
Entwicklung des Königsflügels zu beenden.} (7... Be7 8. O-O O-O 9. e3 (9. a3
Bd7 (9... e5) 10. Rb1 e5 11. b4 cxb4 12. axb4 e4 13. Ng5 e3 14. fxe3 Ng4 15.
Nf3 Nxe3 16. Bxe3 dxe3 17. b5 Na5 18. Qc1 {1-0 Bogdan,D-Cosma,I/Timisu de Sus
1998/EXT 2000 (43)}) 9... e5 10. Re1 Be6 11. exd4 exd4 12. Bf4 Qd7 13. Ne5 Nxe5
14. Bxe5 Rac8 15. b3 b6 16. Qe2 Rfe8 {0-1 Angantysson,H-Weinstein,N/Lone Pine
1978/MCL (46)}) 8. O-O Be7 9. e3 e5 10. exd4 exd4 (10... cxd4 11. Re1 Qc7 $11)
11. Bg5 O-O $6 {Nach der Rochade muss Schwarz entweder den c5-Bauern geben
oder mit schlechter Bauernstruktur weiterspielen.} (11... b6 12. Re1 (12. Bxf6
Bxf6 13. Re1+ Be7 (13... Kf8 $11) 14. Ne5 Rc8 15. Nxd7 Qxd7 $11) 12... O-O 13.
Ne5 Nxe5 14. Rxe5 (14. Bxa8 Bxa4 15. Qxa4 Nxd3 16. Bg2 Nxe1 17. Rxe1 Qc7 $15)
14... Rc8 $11) 12. Bxf6 gxf6 (12... Bxf6 13. Nxc5 $16) 13. Nh4 $36 {[%csl Gg2]
[%cal Gg2a8] Weiß hat eine viel bessere Bauernstruktur und wegen der schwarzen
Schwächungen am Königsflügel hat er Chancen auf Angriff.} Qc7 14. Re1 Rfe8 15.
Qh5 {[%csl Ge1,Gg2,Rg8,Gh4] Weiß hat gefährliche Angriffschancen am
Königsflügel.} Ne5 16. Bd5 $1 {Weiß beschäftigt sich nicht mit der
Verteidigung des a4-Springers - er greift am Königsflügel an.} Rad8 (16... Bxa4
17. f4 $36 (17. Rxe5 $2 {Dieser Zug ist nur scheinbar gefährlich - mit guter
Verteidigung bekommt Schwarz klar besseres Spiel.} fxe5 (17... Qxe5 $2 18.
Bxf7+ Kg7 (18... Kf8 19. Qxh7 $18) (18... Kh8 19. Qh6 Rg8 20. Ng6+ Rxg6 21.
Bxg6 $18) 19. Nf5+ Qxf5 (19... Kh8 20. Bg6 $18) 20. Qxf5 Kxf7 21. Qxh7+ $36)
18. Qxf7+ Kh8 $19)) 17. Re4 $1 {[%mdl 128]} b5 (17... Bxa4 18. Nf5 $1 Bf8 (
18... Rxd5 19. Rxe5 $18) 19. Rh4 $18) 18. Rae1 (18. cxb5 Bxb5 19. Rxe5 fxe5 20.
Qxf7+ Kh8 21. Nf5 Rg8 22. Qxe7 Qxe7 23. Nxe7 Rg7 24. Nxc5 Rxe7 25. Be4 $11)
18... Be6 (18... bxa4 19. Rxe5 fxe5 20. Qxf7+ Kh8 $18 21. Be4) 19. Bxe6 fxe6
20. cxb5 Bf8 (20... Qa5 21. Rxe5 $1 (21. b3 Qxb5 22. Nf3 $14 (22. Nb2 $14 {
[%cal Gb2c4]})) 21... fxe5 22. Re4 Bf8 23. Nxc5 $16) 21. b3 $16 Nxd3 22. Rg4+ (
22. Rxe6 Rxe6 23. Rxe6 Qf7 24. Qf5 $16) 22... Bg7 23. Nf5 $1 {[%mdl 64]} Re7 (
23... Nxe1 24. Rxg7+ Qxg7 25. Nxg7 Kxg7 26. Qe2 $18 {[%csl Re1]}) 24. Rxe6 {
Dieser schöne Zug ist besser als der prosaische Qualitätsgewinn.} (24. Nxe7+
Qxe7 25. Re2 $16) 24... Rxe6 25. Rxg7+ Qxg7 26. Nxg7 Kxg7 27. Qg4+ Kf7 28. Qf5
{[%csl Gf5][%cal Rf5d3,Rf5h7] Die Dame steht aktiv auf f5, Schwarz hat eine
schlechte Figurenkoordination.} Re1+ 29. Kg2 Ne5 30. f4 (30. Nxc5 d3 31. Qxh7+
Ke8 32. Qg8+ Ke7 33. Qe6+ $18) 30... Nd7 (30... Ng6 31. Nxc5 $16) 31. Qxh7+ (
31. Qd5+ Ke8 32. Nxc5 Nxc5 33. Qh5+ Kf8 34. Qxc5+ Re7 35. b6 d3 36. b7 d2 37.
Qd6 d1=Q 38. Qxd1 Rxd1 39. b8=Q+ Kg7 $14) 31... Ke6 32. h4 (32. Qc2 $16) 32...
Re3 33. Kf2 (33. Qc2 $16) 33... Re8 34. Nb2 {[%cal Gb2c4,Gb2d3] Endlich kommt
der früher passive Springer ins Spiel.} f5 35. g4 $6 (35. Nc4 $16) 35... fxg4
36. Nc4 $2 (36. f5+ Kf6 37. Qg6+ Ke7 38. Nc4 Rf3+ 39. Kg2 $16) 36... Rf3+ 37.
Kg2 Nf6 $2 (37... Rxf4 $132 {Nach diesem einfachen Zug hat Schwarz
vollwertiges Spiel!}) 38. Qb7 {Hecht: '[#] Wenn Schwarz seine Figuren optimal
einsetzt, könnte aus dem d-Freibauern noch etwas werden. Er tut es nicht und
erleidet rapiden Materialschwund! '} (38. Qc7 $5 $16) 38... Re7 {'?' Hecht.} (
38... Rd8 $142 {(Hecht) trotz der wohl kaum zu parierenden
Antwortmöglichkeiten Da6+ oder b6.}) 39. Qc6+ Kf7 (39... Kf5 {Hecht} 40. Qxc5+
Ke6 41. Qe5+ Kd7 42. Qxd4+ Kc8 43. Ne5 $1 $18 (43. Qxf6 $2 Re2+ 44. Kg1 Re1+
$11)) 40. Ne5+ $18 {[%cal Re5f7,Re5f3]} Rxe5 {'?' Hecht. Hecht: 'ist ganz
chancenlos'} (40... Kg7 {Hecht} 41. Nxf3 $5 (41. Qxc5 Rg3+ 42. Kf1 Rb7 43. Qxd4
$18 {der einfache Weg}) 41... Re2+ 42. Kg3 Re3 43. Qb7+ Kh6 44. Qxa7 gxf3 45.
Qa6 Kg7 46. b6 {geht wohl gerade so.}) 41. fxe5 Nh5 42. Qd7+ (42. e6+ Kf6 43.
e7+ Kxe7 44. Qxc5+ $18 {[%cal Rc5e7,Rc5h5]}) 42... Kf8 43. Qd8+ (43. Qxg4 $144
{Hecht} Rg3+ 44. Qxg3 Nxg3 45. Kxg3 $18) 43... Kf7 44. e6+ Kxe6 45. Qe8+ {
[%cal Re8e6,Re8h5]} 1-0

[Event "FRA-ch"]
[Site "Narbonne"]
[Date "1997.08.27"]
[Round "12"]
[White "Leski, Marc"]
[Black "Lepelletier, Benoit"]
[Result "0-1"]
[WhiteElo "2435"]
[BlackElo "2480"]
[Annotator "Ribli,Z"]
[PlyCount "96"]
[EventDate "1997.08.15"]
[EventType "tourn"]
[EventRounds "15"]
[EventCountry "FRA"]
[EventCategory "9"]
[SourceTitle "CBM 061"]
[Source "ChessBase"]
[SourceDate "1997.11.23"]
[SourceVersion "1"]
[SourceVersionDate "1997.11.23"]
[SourceQuality "1"]

1. Nf3 Nf6 2. c4 c5 3. Nc3 Nc6 4. g3 d5 5. cxd5 Nxd5 6. Bg2 Nc7 {Die
Rubinstein-Variante. Scwarz spielt 7...e5 mit starkem Zentrum, Weiß erhält
dafür Entwicklungsvorteil.} (6... e5 $2 7. Nxe5) 7. O-O e5 8. d3 Be7 9. Nd2 O-O
{Üblicher ist die Hauptfortsetzung 9...Bd7 10.Nc4 f6.} 10. Nc4 (10. Bxc6 bxc6 {
Die schwarze Bauerstruktur ist katastrophal. Dafür hat er das Läuferpaar - und
das kann im Mitelspiel ein wichtiger Faktor werden.} 11. Nc4 f6 12. Be3 (12.
Qa4 Bd7 (12... Bh3 13. Re1 (13. Rd1 Qd7 14. Na5 Nb5 15. Be3 Rab8 16. Rac1 Nd4
17. Rd2 Rb4 18. Qd1 f5 {0-1 Hlavnicka,J-Vorisek,J/CZE-chT1a 1995 (24)}) 13...
Qd7 14. Be3 Kh8 15. Rac1 Nd5 16. Ne4 Nxe3 17. Nxe3 Qd4 {0-1 Gross,S-Lputian,S/
Rimavska Sobota 1991 (36)}) 13. Na5 Kh8 14. Ne4 Ne6 15. Nb3 Qb6 16. Bd2 f5 17.
Nc3 Nd4 {0-1 Silva,F-Koch,J/EUCup Clichy 1995 (25)}) 12... Bh3 13. Re1 Nd5 14.
Rc1 Rb8 15. Qd2 Be6 16. b3 Nxe3 17. Qxe3 Qd4 18. Na4 Bd5 19. Red1 Rfd8 20. Rc3
h5 21. Rdc1 h4 {Van Wely,L-Salov,V/Hoogovens 1997/CBM 57/[Ribli]/0-1 (69)})
10... f6 11. f4 (11. a4 Be6 12. Be3 (12. a5 Qd7 $11) 12... Qd7 13. a5 Rab8 14.
Qa4 Nd4 15. Rfc1 Rfd8 16. Qxd7 Rxd7 17. Nd2 Nf5 18. Ra4 Nxe3 19. fxe3 Kf7 20.
Kf2 Ne8 21. Nb5 a6 22. Na3 {Sher,M-Heinzel,O/Hastings Challengers 1995/1-0 (73)
}) 11... exf4 12. gxf4 (12. Bxf4 Be6 13. Rf2 Nd5 $11) 12... Be6 $11 {Eine
typische Position in dieser Variante. Die Stellung ist asymmetrisch - Schwarz
hat zwei Bauerninseln, Weiß dagegen drei. Die weißen Bauern auf der e- und
d-Linie sind ein wenig schwach und können von Schwarz attackiert werden.
Andererseits besitzt Weiß Initiative am Königsflügel und einen starken
weissfeldrigen Läufer.} (12... Bd7 13. Ne3 f5 14. Bd2 b6 15. Rc1 Rc8 16. Nc2
Be8 17. a3 Rf6 18. Kh1 Bf7 {Gasimov,R-Claesen,J/Wch-stud Leon 1996/EXT 96ch2/
0-1 (46)}) 13. f5 Bf7 14. Bf4 Nd5 15. Nxd5 (15. Bg3 Qd7 (15... Nxc3 16. bxc3
Bxc4 17. dxc4 {[%csl Gd5,Gg2]})) 15... Bxd5 16. Bxd5+ (16. e4 Bf7 $15 {[%csl
Rd3,Rd4]}) (16. e4 Bxc4 17. dxc4 {[%csl Rg2]} Ne5 $11 (17... Qd4+ $11 {[%csl
Rg2]}) (17... Nd4 18. e5 (18. b3 Bd6 $17 {[%csl Gd4,Rg2]}) 18... fxe5 19. Bxe5
$11)) 16... Qxd5 17. e4 Qf7 (17... Qd7 $5 {[%csl Rd3,Rd4]} 18. Z0 Rad8 $140)
18. Nd6 Bxd6 19. Bxd6 {Man möchte meinen, daß Weiß die besseren Chancen hat,
aber der Schein trügt.} Rfd8 $1 20. Bxc5 Ne5 $44 {[%csl Rd3,Gd8,Ge5]} 21. d4 (
21. Qb3 Rxd3 22. Qxf7+ Kxf7 $15 {[%csl Ge5]}) 21... b6 22. Bb4 (22. Ba3 Qc4 23.
Rc1 (23. d5 Qxe4 24. d6 Nc4 {[%csl Ra3,Gc4,Ge4,Rg1]}) 23... Qxd4+ 24. Qxd4 Rxd4
$15) (22. Qb3 bxc5 (22... Nc6 23. d5 bxc5 24. dxc6) 23. dxe5 $11) (22. Qe2 Nc6
(22... bxc5 23. dxe5 fxe5 24. Rac1 $11) 23. d5 bxc5 24. dxc6) 22... Nc6 23. Bc3
Nxd4 $1 {Das ist eine große Überraschung für Weiß. Nach der Vereinfachung
bekommt Schwarz Endspielvorteil.} 24. Bxd4 Qc4 25. Rc1 Qxd4+ 26. Qxd4 Rxd4 $15
{[%csl Gd4,Re4] Für gewöhnlich enden Doppelturmendspiele immer mit Remis. Aber
hier ist der Pe4 eine große Schwäche.} 27. Rf4 (27. Rc7 Re8 (27... Rxe4 28. Rd1
$44 {[%csl Gc7,Gd1]}) 28. Rxa7 Rexe4 {[%csl Gd4,Ge4]}) 27... Rad8 {[%cal Gd8d1]
} 28. Rc7 R8d7 29. Rxd7 Rxd7 {[%csl Rf4] Schwarz hat eine offene Linie für den
Turm, während der gegnerische Turm passiv bleiben muß.} 30. Rf2 Re7 $1 (30...
Kf7 31. Rc2 Re7 32. Rc4) 31. Re2 (31. Rc2 $2 Rxe4 32. Rc8+ Kf7 33. Rc7+ Re7 $17
) 31... g6 32. fxg6 $6 (32. Kf2 Re5 (32... gxf5 33. exf5 Rxe2+ 34. Kxe2 $11))
32... hxg6 33. Kf2 Kf7 34. Kf3 Ke6 {[%csl Re4]} 35. h4 (35. Rg2 g5) 35... Rh7
36. Kg3 Ke5 {[%csl Ge5] Der schwarze König ist viel aktiver als sein weißer
Gegenpart. Zudem muß sich Weiß um seine Bauernschwächen kümmern.} 37. Rf2 Rd7
38. Rf3 Rd2 $17 39. Ra3 Rxb2 40. Rxa7 Kxe4 {Schwarz hat nur einen Bauern mehr,
aber seine Figuren stehen aktiv.} 41. Ra4+ Kf5 42. Rf4+ Ke5 43. Rg4 Kf5 44.
Rf4+ Ke6 45. Re4+ Kf7 46. a4 Rb3+ $19 47. Kg2 (47. Kf4 Rh3 {[%csl Rh4]} 48. Kg4
f5+ 49. Kxh3 fxe4 $19) 47... f5 48. Rc4 Kg7 {Weiß gab auf, weil der schwarze
Koenig über h6 nach h5 gelangt und das anschließende Manöver Re3-e4 den
h-Bauern erobert.Ribli.} 0-1

[Event "St Petersburg zt"]
[Site "St Petersburg"]
[Date "1993.??.??"]
[Round "8"]
[White "Shcherbakov, Ruslan"]
[Black "Sokolov, Andrei"]
[Result "1/2-1/2"]
[WhiteElo "2570"]
[BlackElo "2555"]
[Annotator "Ribli,Z"]
[PlyCount "51"]
[EventDate "1993.01.??"]
[EventType "swiss"]
[EventRounds "9"]
[EventCountry "RUS"]
[SourceTitle "CBM 034"]
[Source "ChessBase"]
[SourceDate "1993.06.01"]
[SourceVersion "1"]
[SourceVersionDate "1993.06.01"]
[SourceQuality "1"]

1. Nf3 Nf6 2. c4 c5 3. g3 Nc6 4. Bg2 d5 5. cxd5 Nxd5 6. Nc3 Nc7 7. Qa4 Bd7 8.
Qe4 g6 (8... Ne6 $6 9. e3 g6 10. d4 f5 11. Qh4 cxd4 12. exd4 Nb4 13. O-O Bc6
14. Rd1 Nd5 15. Bh6 $14 {Sherbakov,R-Yudasin,L Moscow Alekhine op 1992 CBM/33})
9. Ne5 Bg7 10. Nxd7 Qxd7 11. O-O (11. a3 O-O 12. Rb1 Rac8 13. O-O Ne6 (13...
Rfd8 $5) 14. b4 b6 15. Qd5 Rfd8 $10 {Wojtkiewicz,A-Smejkal,J Polanica Zdroj
1991 CBM/26}) 11... Rc8 (11... O-O 12. a3 Rac8 13. Rb1 Rfd8 $5 14. d3 Ne6 15.
Rd1 Ned4 16. Kf1 b6 $13 {Andersson,U-Chandler,M Reykjavik WCup 1991 CBM/26 52/
53}) 12. d3 O-O 13. Rb1 Ne6 (13... Rfd8 $5) 14. Rd1 b6 15. Bd2 Rfd8 16. Nd5
Ned4 17. e3 e6 18. Nc3 Nf5 $10 19. Be1 Nb4 20. Bf1 Nc2 21. Bd2 Nb4 22. Be1 Nc2
23. Bd2 Nb4 24. Bc1 Nd6 25. Qf3 Nb5 26. Nxb5 1/2-1/2